000 00905cam a22002291 4500
001 e 52000008
003 DLC
005 20260227111234.0
008 860422s1952 dcua s f000 0 eng c
010 _ae 52000008
035 _a(OCoLC)13470495
040 _aU.S. Office of Education. Library
_cPScU
_dDLC
042 _apremarc
050 0 0 _aL111
_b.A72 no. 329
100 1 _aSmith, Rose Marie.
245 1 0 _aEducation in rural and city school systems:
_bsome statistical indices for 1947-48.
260 _a[Washington]
_bFederal Security Agency, Office of Education
_c[1952]
300 _a13 p.
_btables.
_c26 cm.
410 1 0 _aUnited States.
_bOffice of Education.
_tCircular
_vno. 329
501 _aWith: How large are our public high schools? / Walter H. Gaumnitz. Washington : U.S. Govt. Print. Off., 1949. Bound subsequent to publication.
_5DLC
650 0 _aEducation
_zUnited States
_vStatistics.
999 _c22167
_d22167